|
|
|
|
| LEADER |
01161nam a2200253 u 4500 |
| 001 |
10015995 |
| 003 |
GR-PaULI |
| 005 |
20231006104645.0 |
| 008 |
881025s1991 eng |
| 952 |
|
|
|0 0
|1 0
|4 0
|6 724_600000000000000_G
|7 0
|9 163416
|a ARCH
|b ARCH
|d 2016-04-24
|i 000407
|l 0
|o 724.6 G
|p 025000088820
|r 2016-04-24 00:00:00
|t 2
|w 2016-04-24
|y BK15
|
| 952 |
|
|
|0 0
|1 0
|2 ddc
|4 0
|6 724_600000000000000_GOS
|7 0
|9 163417
|a LISP
|b LISP
|c REF
|d 2016-04-24
|i 37315
|l 1
|m 1
|o 724.6 GOS
|p 025000097534
|r 2018-11-05 00:00:00
|s 2018-10-04
|t 1
|v 2016.00
|w 2016-04-24
|y BKN
|
| 999 |
|
|
|c 102509
|d 102509
|
| 020 |
|
|
|a 3822890561
|
| 040 |
|
|
|a GR-PaULI
|c GR-PaULI
|b gre
|e AACR2
|
| 082 |
0 |
4 |
|a 724.6
|2 23
|
| 100 |
1 |
|
|a Gössel, Peter,
|d 1956-
|e συγγραφέας.
|9 7065
|
| 245 |
1 |
0 |
|a Architecture :
|b in the twentieth century /
|c Peter Gossel, Gabriele Leuthauser.
|
| 260 |
|
|
|a Koln :
|b Taschen,
|c 1991.
|
| 300 |
|
|
|a 432 σ. :
|b εικ. ;
|c 32 εκ.
|
| 504 |
|
|
|a Περιλαμβάνει βιβλιογραφία και ευρετήριο.
|
| 505 |
1 |
|
|a
|
| 650 |
|
4 |
|a Αρχιτεκτονική, Σύγχρονη
|9 2959
|
| 700 |
1 |
|
|a Leuthäuser, Gabriele
|d 1950-
|e συγγραφέας.
|9 54797
|
| 942 |
|
|
|2 ddc
|c BK15
|